| 000 | 01070cam a2200277 a 4500 | ||
|---|---|---|---|
| 999 |
_c8694 _d8694 |
||
| 001 | 1615258 | ||
| 003 | GBCCL | ||
| 005 | 20241126110656.0 | ||
| 008 | 950420s1995 miu b 001 0 eng | ||
| 010 | _a 95017634 | ||
| 020 | _a0802808379 | ||
| 040 |
_aDLC _cDLC _dDLC |
||
| 050 | 0 | 0 |
_aBS1225.2 _b.W48 1995 |
| 082 | 0 | 0 |
_a222.1061 _220 _bWHY |
| 100 | 1 |
_aWhybray, R. N. _q(Roger Norman) _915348 |
|
| 245 | 1 | 0 |
_aIntroduction to the Pentateuch / _cR.N. Whybray. |
| 260 |
_aGrand Rapids, Mich. : _bW.B. Eerdmans Pub. Co., _cc1995. |
||
| 300 |
_avii, 146 p. ; _c24 cm. |
||
| 504 | _aIncludes bibliographical references and index. | ||
| 630 | 0 | 0 |
_aBible. _pPentateuch _xIntroductions. _915349 |
| 856 | 4 | 2 |
_3Contributor biographical information _uhttp://www.loc.gov/catdir/enhancements/fy1606/95017634-b.html |
| 856 | 4 | 2 |
_3Publisher description _uhttp://www.loc.gov/catdir/enhancements/fy1606/95017634-d.html |
| 906 |
_a7 _bcbc _corignew _d1 _eocip _f19 _gy-gencatlg |
||
| 942 |
_2ddc _cBK _08 |
||